| 000 | 00490 a2200157 4500 | ||
|---|---|---|---|
| 999 |
_c192 _d192 |
||
| 020 | _a0761949607 | ||
| 050 | _aBF637.C6 NEL 2003 | ||
| 100 |
_aNelson-Jones, Richard _eauthor |
||
| 245 |
_aBasic counselling skills : _ba helper's manual / _cRichard Nelson-Jones |
||
| 264 |
_aLondon : _bSage Publications, _c2003 |
||
| 300 | _aviii, 206p. : | ||
| 500 | _aIncludes bibliographical references and indexes | ||
| 650 | _aCounselling | ||
| 650 | _aPsychotherapy | ||
| 942 |
_2lcc _cBK _h637.C6 _iNEL _kBF |
||